Movies Quiz

Random Movies or Clickable Quiz

'Star Wars: Episode II' Start to Finish Quiz Stats

 Plays Quiz not verified by Sporcle

Score 0/10 Timer 04:00
3 Plays Today
% Correct
???
100%
???
89.2%
???
76.3%
???
59.6%
???
55.1%
???
47.1%
???
43.9%
???
42.1%
???
41.9%
???
41.9%

You're not logged in!

Compare scores with friends on all Sporcle quizzes.
OR
Log In

Show Comments

Extras

Top Quizzes Today


Score Distribution

Your Account Isn't Verified!

In order to create a playlist on Sporcle, you need to verify the email address you used during registration. Go to your Sporcle Settings to finish the process.

Report this User

Report this user for behavior that violates our Community Guidelines.

Details: